Професійність, якість - сучасний стиль роботи колективу костопільських газовиків (Запис № 305929)

МАРК-запис
000 -Лідер
fixed length control field 00756nam a22001817a 4500
003 - Ідентифікатор контрольного номера
control field UA-OsUOA
001 - Контрольний номер
control field 19756
007 - Фіксоване поле фізичного опису
fixed length control field ta
008 - Елементи даних фіксованої довжини – загальна інформація
fixed length control field 20040921b un ||||| |||| 00| 0 ukr d
040 ## - Джерело каталогізації
Агенція оригінальної каталогізації UA-OsUOA
Агенція, яка здійснювала перезапис UA-OsUOA
Агенція, яка здійснювала модифікацію UA-OsUOA
100 ## - Основне введення – ім’я особи
Ім’я особи (НП) Деркач В.
245 ## - Відомості про назву
Назва (НП) Професійність, якість - сучасний стиль роботи колективу костопільських газовиків
Решта назви (НП) [Розмова з начальником Костопіл. упр. з експлуатації газ. госп-ва В.Деркачем ]
300 ## - Фізичний опис
Обсяг С.1
650 #7 - Додаткове предметне введення – тематичний термін
Тематичний термін чи географічна назва, як елемент введення (НП) Газове господарство
Джерело заголовка чи терміна UDC
773 0# - Введення хост-одиниці (П)
Контрольний номер запису (П) 0
Назва (НП) Вічеве слово
Місце, видавець та дата видання (НП) Костопіль
-- 2004
Інформація про взаємозв’язок (П) №37/11 верес./
942 ## - Додаткові елементи входу (Коха)
Тип елемента Koha Стаття періодики
955 ## - Код типу видання за змістом
Код типу видання за змістом (НП) інше

Немає доступних примірників.